[Event "Tashkent Mukhitdinov Memorial"]
[Site "Tashkent"]
[Date "2025.07.08"]
[Round "3"]
[White "Azizov, Sadullo"]
[Black "Atabayev, Maksat"]
[Result "1/2-1/2"]
[WhiteElo "2074"]
[BlackElo "2380"]
[PlyCount "75"]
[EventDate "2025.07.07"]
[EventType "tourn"]
[EventRounds "9"]
[EventCountry "UZB"]
[SourceTitle "CB29_2025"]
[SourceDate "2025.07.16"]
[SourceVersion "1"]
[SourceVersionDate "2025.07.16"]
[SourceQuality "1"]

1. d4 Nf6 2. Nf3 e6 3. Bf4 c5 4. e3 Qb6 5. Nc3 a6 6. Rb1 d5 7. a3 Nc6 8. h3 cxd4 9. exd4 Bd7 10. Be2 Be7 11. 0-0 0-0 12. Bd3 Nh5 13. Bh2 f5 14. Ne2 Nf6 15. c3 Ne4 16. Ne5 Nxe5 17. Bxe5 Bg5 18. Bf4 Bf6 19. Bh2 Bc6 20. f3 Ng5 21. Kh1 Rfe8 22. Qd2 Nf7 23. Rbe1 g6 24. g4 fxg4 25. hxg4 e5 26. Bg3 Re7 27. dxe5 Nxe5 28. Nd4 Rae8 29. Be2 Bd7 30. Kg2 Nc6 31. Nxc6 Bxc6 32. Bd1 Rxe1 33. Rxe1 Rxe1 34. Bxe1 d4 35. cxd4 Qxd4 36. Qxd4 Bxd4 37. Bc3 Bxc3 38. bxc3 1/2-1/2

[Event "Tashkent Mukhitdinov Memorial"]
[Site "Tashkent"]
[Date "2025.07.07"]
[Round "1"]
[White "Obidov, Biloliddin"]
[Black "Azizov, Sadullo"]
[Result "1/2-1/2"]
[WhiteElo "2058"]
[BlackElo "2074"]
[PlyCount "85"]
[EventDate "2025.07.07"]
[EventType "tourn"]
[EventRounds "9"]
[EventCountry "UZB"]
[SourceTitle "CB29_2025"]
[SourceDate "2025.07.16"]
[SourceVersion "1"]
[SourceVersionDate "2025.07.16"]
[SourceQuality "1"]

1. d4 Nf6 2. c4 e6 3. Nc3 Bb4 4. Qc2 0-0 5. e4 d5 6. e5 Ne4 7. Bd3 c5 8. Nf3 cxd4 9. Nxd4 Nd7 10. Bf4 Qh4 11. g3 Qh5 12. 0-0 g5 13. cxd5 Bxc3 14. bxc3 exd5 15. Be3 Nxe5 16. f3 Nxd3 17. Qxd3 Nc5 18. Qb5 b6 19. Nc6 Re8 20. Bxc5 Bd7 21. Be7 Rac8 22. Qxd5 Bxc6 23. Qxg5+ Qxg5 24. Bxg5 Re2 25. Rf2 Re5 26. h4 Kg7 27. Bf4 Re6 28. Rd1 b5 29. Kg2 a6 30. Rd6 Rxd6 31. Bxd6 Rd8 32. Be5+ Kg6 33. Bd4 b4 34. Bb6 Rb8 35. Ba5 bxc3 36. Bxc3 Rd8 37. g4 h5 38. Kg3 Rd3 39. Be5 Bd5 40. gxh5+ Kxh5 41. Bf6 Ra3 42. Be7 Rxa2 43. Rxa2 1/2-1/2

[Event "Asia CCCL"]
[Site "Khanty-Mansiysk"]
[Date "2025.06.19"]
[Round "2.3"]
[White "Kabanov, Nikolai"]
[Black "Azizov, Sadullo"]
[Result "1-0"]
[WhiteElo "2422"]
[BlackElo "2074"]
[PlyCount "107"]
[EventDate "2025.06.18"]
[EventType "team-tourn"]
[EventRounds "7"]
[EventCountry "RUS"]
[SourceTitle "CB27_2025"]
[SourceDate "2025.07.02"]
[SourceVersion "1"]
[SourceVersionDate "2025.07.02"]
[SourceQuality "1"]
[WhiteTeam "Ugra"]
[BlackTeam "Uzbekistan CC"]
[WhiteTeamCountry "RUS"]
[BlackTeamCountry "UZB"]

1. e4 c6 2. d4 d5 3. Nc3 dxe4 4. Nxe4 Nf6 5. Nxf6+ exf6 6. Nf3 Bd6 7. Bd3 0-0 8. 0-0 Re8 9. h3 Nd7 10. c4 Nf8 11. Qb3 Rb8 12. Be3 Be6 13. d5 cxd5 14. Bxa7 Ra8 15. Bd4 Qa5 16. Rfd1 dxc4 17. Bxc4 Bxc4 18. Qxc4 Qa6 19. Qxa6 Rxa6 20. a3 Ne6 21. Be3 Bf4 22. Rd3 Bxe3 23. Rxe3 Rb6 24. b4 h6 25. Rd1 Rc8 26. g3 Rc7 27. h4 Rb5 28. Kg2 Kh7 29. Red3 Kg8 30. Rd5 Rxd5 31. Rxd5 Kf8 32. Rb5 Ke7 33. h5 Rd7 34. Ra5 Rd8 35. Nh4 Nd4 36. Rc5 Rd7 37. a4 b6 38. Rc4 Ke6 39. Rc8 f5 40. Kf1 Ra7 41. Rb8 Rxa4 42. Rxb6+ Ke5 43. Kg2 Ra7 44. Rb8 Kf6 45. Rd8 Ne6 46. Rd5 g6 47. hxg6 fxg6 48. b5 Rb7 49. Nf3 g5 50. Nd2 Nc7 51. Rd7 Ke6 52. Rh7 Kd6 53. b6 Rxb6 54. Nc4+ 1-0

[Event "Namangan op"]
[Site "Namangan"]
[Date "2025.06.03"]
[Round "8"]
[White "Shturman, Arseniy"]
[Black "Azizov, Sadullo"]
[Result "1/2-1/2"]
[WhiteElo "2368"]
[BlackElo "2147"]
[PlyCount "67"]
[EventDate "2025.05.29"]
[EventType "swiss"]
[EventRounds "9"]
[EventCountry "UZB"]
[SourceTitle "CB23_2025"]
[SourceDate "2025.06.04"]
[SourceVersion "1"]
[SourceVersionDate "2025.06.04"]
[SourceQuality "1"]

1. e4 c6 2. d4 d5 3. e5 c5 4. Nf3 Nc6 5. dxc5 e6 6. a3 Bxc5 7. b4 Bb6 8. Bd3 Nge7 9. Bb2 Ng6 10. 0-0 Nf4 11. c4 0-0 12. Nc3 a5 13. b5 Ne7 14. Rc1 Bd7 15. Qd2 Nxd3 16. Qxd3 Rc8 17. cxd5 exd5 18. Nxd5 Rxc1 19. Rxc1 Be6 20. Nxe7+ Qxe7 21. h3 Rd8 22. Qe2 h6 23. Rd1 Rxd1+ 24. Qxd1 Qc5 25. Bd4 Qxb5 26. Bxb6 Qxb6 27. Qd3 Qc7 28. Kh2 Qc5 29. Kg3 a4 30. Qd8+ Kh7 31. Qd3+ Kg8 32. Qd8+ Kh7 33. Qd3+ g6 34. h4 1/2-1/2

[Event "Namangan op"]
[Site "Namangan"]
[Date "2025.05.29"]
[Round "1"]
[White "Azizov, Sadullo"]
[Black "Shakhzodova, Ozoda"]
[Result "1-0"]
[WhiteElo "2147"]
[BlackElo "1863"]
[PlyCount "52"]
[EventDate "2025.05.29"]
[EventType "swiss"]
[EventRounds "9"]
[EventCountry "UZB"]
[SourceTitle "CB23_2025"]
[SourceDate "2025.06.04"]
[SourceVersion "1"]
[SourceVersionDate "2025.06.04"]
[SourceQuality "1"]

1. d4 d5 2. Bf4 Nf6 3. Nf3 e6 4. e3 c5 5. Nbd2 Qb6 6. Rb1 Bd7 7. a3 cxd4 8. exd4 Bb5 9. h4 Bxf1 10. Kxf1 Bd6 11. Bxd6 Qxd6 12. c3 Nbd7 13. Qe2 0-0 14. g3 Qc6 15. Kg2 Ne4 16. Rbe1 f5 17. Ng5 Rae8 18. Ndf3 b5 19. Nh3 Qc4 20. Nf4 Qxe2 21. Rxe2 Kf7 22. Ng5+ Nxg5 23. hxg5 Re7 24. Rxh7 Rb8 25. Rh1 Rb6 26. Rhe1 Rd6 1-0

[Event "Korumdu Issykkul op-A"]
[Site "Korumdu"]
[Date "2024.06.27"]
[Round "10"]
[White "Azizov, Sadullo"]
[Black "Vakhidov, Shahzod"]
[Result "1/2-1/2"]
[WhiteElo "1994"]
[BlackElo "2356"]
[PlyCount "32"]
[EventDate "2024.06.22"]
[EventType "swiss"]
[EventRounds "10"]
[EventCountry "KGZ"]
[SourceTitle "CBM 220 Extra"]
[Source "ChessBase"]
[SourceDate "2024.07.31"]
[SourceVersion "1"]
[SourceVersionDate "2024.07.31"]
[SourceQuality "1"]

1. d4 Nf6 2. Nf3 g6 3. Bf4 Bg7 4. e3 0-0 5. c4 c5 6. Nc3 d5 7. dxc5 Qa5 8. Rc1 dxc4 9. Bxc4 Qxc5 10. Bb3 Qa5 11. 0-0 Nc6 12. h3 Bf5 13. Qe2 Ne4 14. Nxe4 Bxe4 15. Rfd1 Rad8 16. Rxd8 Qxd8 1/2-1/2

[Event "Korumdu Issykkul op-A"]
[Site "Korumdu"]
[Date "2024.06.26"]
[Round "9"]
[White "Shalamberidze, Akaki"]
[Black "Azizov, Sadullo"]
[Result "0-1"]
[WhiteElo "2222"]
[BlackElo "1994"]
[PlyCount "76"]
[EventDate "2024.06.22"]
[EventType "swiss"]
[EventRounds "10"]
[EventCountry "KGZ"]
[SourceTitle "CBM 220 Extra"]
[Source "ChessBase"]
[SourceDate "2024.07.31"]
[SourceVersion "1"]
[SourceVersionDate "2024.07.31"]
[SourceQuality "1"]

1. Nf3 Nf6 2. c4 e6 3. d4 b6 4. e3 Bb7 5. Bd3 Bb4+ 6. Nbd2 0-0 7. 0-0 Bxd2 8. Nxd2 d6 9. b4 Nbd7 10. Bb2 Qe7 11. a4 a5 12. bxa5 Rxa5 13. Nb3 Rg5 14. f3 e5 15. e4 Nh5 16. Bc1 Rg6 17. a5 bxa5 18. Rxa5 Qh4 19. Rf2 Bc8 20. Bf1 Nf4 21. g3 Re8 22. Bg2 Nh3+ 23. Bxh3 Qxh3 24. Qf1 Qe6 25. d5 Qe7 26. Ra7 Nf6 27. c5 h5 28. Kh1 Qd8 29. Na5 dxc5 30. Nc4 h4 31. g4 Bxg4 32. Bb2 Bh5 33. Bxe5 Nxd5 34. Rg2 Rxg2 35. Qxg2 Rxe5 36. Nxe5 Nf4 37. Qf1 Qd4 38. Qa1 Qf2 0-1

[Event "Korumdu Issykkul op-A"]
[Site "Korumdu"]
[Date "2024.06.25"]
[Round "6"]
[White "Keneshbekov, Elim"]
[Black "Azizov, Sadullo"]
[Result "0-1"]
[WhiteElo "1939"]
[BlackElo "1994"]
[PlyCount "106"]
[EventDate "2024.06.22"]
[EventType "swiss"]
[EventRounds "10"]
[EventCountry "KGZ"]
[SourceTitle "CBM 220 Extra"]
[Source "ChessBase"]
[SourceDate "2024.07.31"]
[SourceVersion "1"]
[SourceVersionDate "2024.07.31"]
[SourceQuality "1"]

1. Nf3 Nf6 2. g3 d5 3. Bg2 c5 4. 0-0 Nc6 5. d4 e6 6. c4 dxc4 7. Qa4 Bd7 8. dxc5 Ne5 9. Qc2 Nxf3+ 10. Bxf3 Rc8 11. Qxc4 Bxc5 12. Qb3 b5 13. Bg5 Qb6 14. Nc3 a5 15. Rac1 0-0 16. Bxf6 gxf6 17. Ne4 Be7 18. Qd3 Rfd8 19. Rxc8 Bxc8 20. Qc3 e5 21. Qc1 f5 22. Nc3 e4 23. Bg2 Be6 24. Qh6 Rd6 25. Qf4 Qd8 26. g4 fxg4 27. Nxe4 Rd4 28. e3 Rd1 29. Nc3 Rxf1+ 30. Bxf1 b4 31. Ne4 a4 32. Be2 Qd5 33. Nf6+ Bxf6 34. Qxf6 a3 35. b3 h5 36. Bf1 Kh7 37. Qf4 Qc5 38. Bd3+ Kg7 39. Bf1 Bxb3 40. e4 Bxa2 41. e5 Qe7 42. Bd3 Be6 43. Qe4 Qg5 44. Qh7+ Kf8 45. Qh8+ Ke7 46. Qb8 Qc1+ 47. Bf1 Qc5 48. Qb7+ Kf8 49. Qa8+ Kg7 50. Qe4 a2 51. Qf4 Qe7 52. Qd4 b3 53. Bd3 Qd7 0-1

[Event "Korumdu Issykkul op-A"]
[Site "Korumdu"]
[Date "2024.06.24"]
[Round "4"]
[White "Momunaliev, Ruslan"]
[Black "Azizov, Sadullo"]
[Result "0-1"]
[WhiteElo "1904"]
[BlackElo "1994"]
[PlyCount "128"]
[EventDate "2024.06.22"]
[EventType "swiss"]
[EventRounds "10"]
[EventCountry "KGZ"]
[SourceTitle "CBM 220 Extra"]
[Source "ChessBase"]
[SourceDate "2024.07.31"]
[SourceVersion "1"]
[SourceVersionDate "2024.07.31"]
[SourceQuality "1"]

1. g3 Nf6 2. Nf3 e6 3. Bg2 d5 4. 0-0 c5 5. d3 Nc6 6. Nbd2 Be7 7. e4 0-0 8. e5 Nd7 9. Re1 b6 10. Nf1 Bb7 11. h4 Qc7 12. Bf4 d4 13. h5 b5 14. N1h2 Rad8 15. Ng4 Kh8 16. Qd2 c4 17. h6 g6 18. Bg5 Nb6 19. Nf6 c3 20. bxc3 dxc3 21. Qxc3 Nd5 22. Qb2 Nxf6 23. Bxf6+ Bxf6 24. exf6 a6 25. a4 b4 26. Ne5 Nd4 27. Bxb7 Qxb7 28. Re4 Qd5 29. a5 b3 30. cxb3 Nxb3 31. Raa4 Kg8 32. Qa3 Rc8 33. Rac4 Nc5 34. Qc1 Rc7 35. Qc2 Nxe4 36. Rxc7 Nxg3 37. fxg3 Qxe5 38. Kg2 Qd5+ 39. Kg1 Qxa5 40. Rc8 Rd8 41. Qc3 Qb6+ 42. d4 Qd6 43. Qc6 Qf8 44. Rxd8 Qxd8 45. Qxa6 Qxd4+ 46. Kh1 Qd1+ 47. Kg2 Qd2+ 48. Kf1 Qxh6 49. Qc8+ Qf8 50. Qc7 Qa8 51. Kf2 Qa2+ 52. Ke3 Qb3+ 53. Kf4 Qa4+ 54. Kf3 Qa8+ 55. Kf4 h6 56. Qe7 g5+ 57. Kg4 Qe4+ 58. Kh3 Qg6 59. g4 Kh7 60. Qd8 h5 61. Kg3 hxg4 62. Kxg4 Qf5+ 63. Kh5 g4+ 64. Kh4 Kg6 0-1